22-静岡県の市町村クイズ - Statistics

General Stats
  • This quiz has been taken 4,335 times
    3,716 since last reset
  • The average score is 22 of 35
Answers on the Map
Answers color-coded by a green-red scale on the quiz's map according to % correct below.
 
Answer Stats
Answer % Correct
静岡しずおか
89%
浜松はままつ
88%
湖西こさい
79%
熱海あたみ
75%
沼津ぬまづ
74%
富士ふじ
74%
富士宮ふじのみや
71%
御前崎おまえざき
69%
川根本かわねほんちょう
69%
御殿場ごてんば
67%
伊豆いず
66%
伊東いとう
66%
磐田いわた
64%
焼津やいづ
64%
掛川かけがわ
62%
裾野すその
61%
西伊豆にしいずちょう
61%
小山おやまちょう
60%
伊豆いずくに
59%
函南かんなみちょう
59%
下田しもだ
58%
三島みしま
58%
長泉ながいずみちょう
57%
東伊豆ひがしいずちょう
57%
南伊豆みなみいずちょう
56%
島田しまだ
55%
清水しみずちょう
55%
牧之原まきのはら
55%
袋井ふくろい
53%
もりまち
53%
菊川きくがわ
52%
藤枝ふじえだ
52%
吉田よしだちょう
51%
河津かわづちょう
47%
松崎まつざきちょう
47%
No matching quizzes found
Score Distribution
Percent of People with Each Score
Percentile by Number Answered
Your Score History
You have not taken this quiz since the last reset